Der Mensch und seine Symbole
Αποθηκεύτηκε σε:
| Κύριος συγγραφέας: | |
|---|---|
| Μορφή: | Βιβλίο |
| Γλώσσα: | German English |
| Δημοσίευση: |
Olten :
Walter,
1977, c1968.
|
| Έκδοση: | 7η εκδ. |
| Θέματα: | |
| Ετικέτες: |
Προσθήκη ετικέτας
Δεν υπάρχουν, Καταχωρήστε ετικέτα πρώτοι!
|
MARC
| LEADER | 00000cam a2200000 i 4500 | ||
|---|---|---|---|
| 001 | 1/35049 | ||
| 008 | 061003t19771968gw | ||| |||| ||ger|| | ||
| 020 | |a 3530565008 | ||
| 035 | |l 10085404 | ||
| 040 | |a GR-MyUA |b gre |e AACR2 | ||
| 041 | 1 | |a ger |h eng | |
| 082 | 0 | |a 150.1954 |2 (22) | |
| 100 | 1 | |a Jung, C. G. |q (Carl Gustav), |d 1875-1961. | |
| 245 | 1 | 4 | |a Der Mensch und seine Symbole / |c von C.G. Jung [και ά.]. |
| 250 | |a 7η εκδ. | ||
| 260 | |a Olten : |b Walter, |c 1977, c1968. | ||
| 300 | |a 320 σ. : |b εικ. ; |c 26 εκ. | ||
| 500 | |a Τίτλος πρωτοτύπου: Man and his symbols. | ||
| 504 | |a Περιλαμβάνει ευρετήριο. | ||
| 650 | 0 | 0 | |a Symbolism (Psychology) |
| 650 | 0 | 0 | |a Signs and symbols. |
| 852 | |a INST |b CHIOS |e 20061003 |h 150.1954 JUN |p 005200027122 |q 005200027122 |t BK |y 0 | ||
| 901 | |a BIBL2-2006-3 | ||
| 909 | |a Χ |b 016200 | ||
| 970 | |a ΒΑΣΙΛΑΚΗ |b ΝΙΚΗ |z 2006/10/03 | ||